000 00712nam a2200253 i 4500
001 19452
003 ES-MaACL
005 20230906152111.0
007 t|
008 020829s2001 sp ||||1| spa d
020 _a84-253-3630-9
080 _a398.22
100 1 _aAtienza, Juan G.
_923735
245 1 3 _aEl cáliz de la discordia
_b: miserias y esplendores del Grial /
_cJuan G. Atienza.
250 _a1ª ed.
260 _aBarcelona :
_bGrijalbo,
_c2001.
300 _a311 p. ;
_c24 cm.
490 1 _aHuellas perdidas
504 _aBibliografía: p. 297-303.
650 1 4 _aGrial.
_913160
830 0 _aHuellas perdidas
_9180611
852 _aES-MaACL
_jL-25886
_bR.131791
999 _c19452
_d19452